| 000 | 00404cam a2200169ua 4500 | ||
|---|---|---|---|
| 020 | _c22.50 | ||
| 041 |
_aeng _h |
||
| 082 |
_a512.9434 _bGUP/IN |
||
| 100 | _aGupta, S.C. | ||
| 245 |
_aIntroduction to matrices / _cS.C.Gupta. _hTextual Documents |
||
| 260 |
_aNew Delhi : _bS.Chand & Sons , _c1987. |
||
| 300 | _a287 ; . | ||
| 365 | _a22.50 | ||
| 504 | _a | ||
| 942 | _cBK | ||
| 999 |
_c9397 _d9397 |
||